000 00332nam a2200157Ia 4500
003 Ost
005 20260225132542.0
008 260225s9999||||xx |||||||||||||| ||und||
040 _cfsic
041 _afre
082 _a818.5
100 _aJean Roy
_eAuteur
245 0 _aPour John Ford /
245 0 _cJean Roy
942 _cكتاب
999 _c33556
_d33556